Central Library OPAC University of Rajshahi

Colonel Chinstrap / (Record no. 20436)

MARC details
000 -LEADER
fixed length control field 00718nam a22002292a 4500
001 - CONTROL NUMBER
control field 20436
003 - CONTROL NUMBER IDENTIFIER
rucl marc code BD-RjUL
005 - DATE AND TIME OF LATEST TRANSACTION
control field 20211209000550.0
008 - FIXED-LENGTH DATA ELEMENTS--GENERAL INFORMATION
fixed length control field 140301s1952 enka 000 1 eng d
035 ## - SYSTEM CONTROL NUMBER
System control number OCLC ocm13674955 from D960117M
-- (BD-RjUL)20498
040 ## - CATALOGING SOURCE
Original cataloging agency AAM
Transcribing agency AAM
Modifying agency UKM
-- EQO
-- BD-RjUL
Language of cataloging eng
041 ## - LANGUAGE CODE
Language code of text/sound track or separate title eng
082 ## - DEWEY DECIMAL CLASSIFICATION NUMBER
Classification number 828.9108
Edition number 18
Author mark and year KAC 1952
090 ## - LOCALLY ASSIGNED LC-TYPE CALL NUMBER (OCLC); LOCAL CALL NUMBER (OCLC)
Classification number (OCLC) (R) ; Classification number, CALL (RLIN) (NR) PN6175
Local cutter number (OCLC) ; Book number/undivided call number, CALL (RLIN) .K39
100 1# - MAIN ENTRY--PERSONAL NAME
Personal name Kavanagh, Ted.
9 (RLIN) 63023
245 10 - TITLE STATEMENT
Title Colonel Chinstrap /
Statement of responsibility, etc. Ted Kavanagh ; with a foreword by Jack Train ; illustrations by Antony Wysard
260 ## - PUBLICATION, DISTRIBUTION, ETC. (IMPRINT)
Place of publication, distribution, etc. London :
Name of publisher, distributor, etc. Evans Brothers,
Date of publication, distribution, etc. 1952
300 ## - PHYSICAL DESCRIPTION
Pagination 160 p. :
Illustrations ill. ;
Size 21 cm
650 07 - SUBJECT ADDED ENTRY--TOPICAL TERM
Source of heading or term SLSH
Topical term or geographic name as entry element ITMA (Radio program).
9 (RLIN) 63024
942 ## - ADDED ENTRY ELEMENTS (KOHA)
Source of classification or shelving scheme Dewey Decimal Classification
Koha item type Books
Holdings
Lost status Source of classification or shelving scheme Damaged status Not for loan Permanent Location Current Location Shelving location Date acquired Source of acquisition Cost, normal purchase price Total Checkouts Full call number Date last seen Copy number Koha item type
  Dewey Decimal Classification   Added to bundle Central Library, University of Rajshahi Central Library, University of Rajshahi Reading Room 24/09/1956 A.B.C 10.20   828.9108 KAC 1952 01/03/2014 C-1 Books